Obrázkový kalendár Úvernej banky úč. spol.

Bibliographic Details
Format: Serial
Language:Slovak
PhysicalDescription:zv.
Published: [Žilina s.n. 1927-1929]
Subjects:

MARC

LEADER 00000cas a2200000 a 4500
001 vtls001349989
003 SK-MaSNL
005 20260228155711.0
008 160628d19281930xo ar 5 0 0b0slo
035 |a SNK000303312 
040 |a SNK  |b slo  |c SNK  |e AACR2 
041 0 |a slo 
043 |a e-xo--- 
044 |a xo  |c SK 
072 7 |a 336.7  |x Financie  |2 konspekt 
072 7 |a 050  |x Seriálové publikácie. Periodiká  |2 konspekt 
080 |a 336.711  |2 2011 
080 |a 050  |2 2011 
080 |a (059)  |2 2011 
245 0 0 |a Obrázkový kalendár Úvernej banky úč. spol. 
260 |a [Žilina  |b s.n.  |c 1927-1929]  |e Bratislava  |f Karol Angermayer 
300 |a zv. 
310 |a 1x ročne 
362 0 |a [1928-1930] 
610 2 7 |a Všeobecná úverová banka  |2 SNKKA  |9 33755 
650 0 7 |a banky  |2 SNKPH  |9 2103 
655 7 |a textové kalendáre  |2 SNKP7H  |9 60816 
910 |a snk 
999 |c 264  |d 264 
952 |0 0  |1 0  |4 0  |7 0  |8 3  |a SNK  |b SNK  |d 1999-03-11  |g 1.00  |i snkK 489/99  |l 0  |o snkČSC 3283/1928  |p 17A0183580  |r 2005-01-02 00:00:00  |w 2026-02-21  |y PREZ 
952 |0 0  |1 0  |4 0  |7 0  |8 3  |a SNK  |b SNK  |d 1999-03-11  |g 1.00  |i snkK 490/99  |l 0  |o snkČSC 3283/1929  |p 17A0183579  |r 2005-01-02 00:00:00  |w 2026-02-21  |y PREZ 
952 |0 0  |1 0  |4 0  |7 0  |8 3  |a SNK  |b SNK  |d 1999-03-11  |g 1.00  |i snkK 49/99  |l 0  |o snkČSC 3283/1930  |p 17A0183578  |r 2005-01-02 00:00:00  |w 2026-02-21  |y PREZ